[Event "First Saturday 2010 februar FM-C"]
[Site "Budapest"]
[Date "2010.02.06"]
[Round "1.1"]
[White "Engelbrecht, Imre"]
[Black "Mihajlova, Diana"]
[Result "1-0"]
[WhiteElo "1621"]
[BlackElo "1453"]
[PlyCount "64"]
[EventDate "2010.02.06"]

1. e4 d5 2. exd5 Nf6 3. c4 e6 4. dxe6 Bxe6 5. d4 Qe7 6. Be3 Ng4 7. Qa4+ Nd7 8.
Nf3 Nxe3 9. fxe3 Bg4 10. Qb3 Bxf3 11. gxf3 Qh4+ 12. Ke2 O-O-O 13. Nc3 Re8 14.
Rd1 Bd6 15. Nb5 Rxe3+ 16. Qxe3 Bf4 17. Qe4 Nf6 18. Qf5+ Kb8 19. Kd3 Re8 20. Kc2
Qf2+ 21. Kb1 Bh6 22. Qc2 Qxf3 23. Bg2 Qe3 24. Nc3 Ng4 25. Rd3 Qf2 26. Rg3 Qxd4
27. Rd1 Qxc4 28. Rgd3 Bg5 29. Rd4 Qxd4 30. Rxd4 Re1+ 31. Rd1 Re8 32. a3 Ne3 1-0

[Event "First Saturday 2010 februar FM-C"]
[Site "Budapest"]
[Date "2010.02.06"]
[Round "1.1"]
[White "Kozak, Adam"]
[Black "Kelemen, Lajos dr"]
[Result "1-0"]
[WhiteElo "1548"]
[BlackElo "1454"]
[PlyCount "72"]
[EventDate "2010.02.06"]

1. e4 c5 2. Nf3 e6 3. d4 cxd4 4. Nxd4 Qb6 5. Nc3 Bc5 6. Be3 Qxb2 7. Na4 Bb4+ 8.
Ke2 Qa3 9. Nb5 Qxa4 10. Nc7+ Ke7 11. f3 Qc6 12. Nxa8 a5 13. Kf2 Bc5 14. Bd3
Bxe3+ 15. Kxe3 Qc5+ 16. Ke2 Nc6 17. Re1 Nf6 18. Rb1 b5 19. Kf1 Qa7 20. e5 Nd5
21. Be4 Ne3+ 22. Rxe3 Qxe3 23. Qd6+ Ke8 24. Nc7+ Kd8 25. Bxc6 Qb6 26. Nxb5 Qxc6
27. Qxc6 dxc6 28. Nd6 Ba6+ 29. c4 Ke7 30. Rb6 Ra8 31. Rxc6 Kf8 32. Rc5 g6 33.
Rxa5 Kg7 34. Kf2 h5 35. c5 Kf8 36. c6 Ke7 1-0

[Event "First Saturday 2010 februar FM-C"]
[Site "Budapest"]
[Date "2010.02.07"]
[Round "1.2"]
[White "Mihajlova, Diana"]
[Black "Kelemen, Lajos dr"]
[Result "1-0"]
[WhiteElo "1453"]
[BlackElo "1454"]
[PlyCount "81"]
[EventDate "2010.02.06"]

1. Nf3 d5 2. c4 d4 3. e3 c5 4. Ne5 dxe3 5. fxe3 Nf6 6. Be2 Qd6 7. d4 cxd4 8.
exd4 Nc6 9. Qa4 Bd7 10. Nxd7 Nxd7 11. d5 Qb4+ 12. Nc3 Qxa4 13. Nxa4 Nd4 14. Bd3
e5 15. O-O Nc5 16. Nxc5 Bxc5 17. Kh1 O-O 18. Bd2 a5 19. a3 Nb3 20. Rad1 Rfe8
21. Bg5 f6 22. Bh4 Bd4 23. Be4 Bxb2 24. Rf3 a4 25. Rg3 g5 26. Bxg5 fxg5 27.
Rxg5+ Kh8 28. Rh5 Re7 29. d6 Rg7 30. d7 Bd4 31. Bxb7 Rb8 32. Bc6 Nc5 33. d8=Q+
Rxd8 34. Rxe5 Rdg8 35. Rd5 Bf6 36. h3 Ne6 37. Rf1 Bb2 38. Re1 Nd4 39. Bxa4 Ra8
40. Bd7 Rxa3 41. c5 1-0

[Event "First Saturday 2010 februar FM-C"]
[Site "Budapest"]
[Date "2010.02.07"]
[Round "1.2"]
[White "Toth, Antal"]
[Black "Kozak, Adam"]
[Result "1-0"]
[WhiteElo "1682"]
[BlackElo "1548"]
[PlyCount "56"]
[EventDate "2010.02.06"]

1. e4 c5 2. Nf3 Nc6 3. d4 cxd4 4. Nxd4 Nf6 5. Nc3 e6 6. Bg5 d6 7. Bb5 Qb6 8.
Be3 a6 9. Nxc6 Qc7 10. Nd4+ axb5 11. Ndxb5 Qc6 12. Nd4 Be7 13. Nxc6 bxc6 14.
O-O O-O 15. Bg5 h6 16. Bxf6 Bxf6 17. Qxd6 Ba6 18. Rfe1 Rab8 19. e5 Rfd8 20.
Qxc6 Bb7 21. Qc5 Bg5 22. Red1 Rdc8 23. Qd4 Ba6 24. b3 Rb7 25. Ne4 Be7 26. c4
Rd8 27. Qxd8+ Bxd8 28. Rxd8+ Kh7 1-0

[Event "First Saturday 2010 februar FM-C"]
[Site "Budapest"]
[Date "2010.02.08"]
[Round "1.3"]
[White "Kozak, Adam"]
[Black "Engelbrecht, Imre"]
[Result "1-0"]
[WhiteElo "1548"]
[BlackElo "1621"]
[PlyCount "91"]
[EventDate "2010.02.06"]

1. e4 c5 2. Nf3 d6 3. d4 cxd4 4. Nxd4 Nf6 5. Nc3 g6 6. Be3 Bg7 7. f3 e5 8. Ndb5
O-O 9. Qxd6 Nc6 10. O-O-O Be6 11. Nc7 Qxd6 12. Rxd6 Rad8 13. Rxe6 fxe6 14. Nxe6
Rd7 15. Nxf8 Bxf8 16. Bc4+ Kg7 17. Nd5 Nxd5 18. Bxd5 Kf6 19. Rd1 a6 20. Bxc6
Rxd1+ 21. Kxd1 bxc6 22. Kd2 Bb4+ 23. c3 Ba5 24. b4 Bc7 25. Kd3 Ke6 26. Kc4 Bd6
27. g3 h5 28. h3 Be7 29. a4 Bd8 30. h4 Bc7 31. g4 Bd6 32. Bc5 Bc7 33. Kb3 Bd8
34. g5 Kd7 35. c4 Bc7 36. Ba7 Kc8 37. b5 Kb7 38. Bc5 a5 39. Be3 Bd6 40. c5 Be7
41. Kc4 Kc7 42. f4 exf4 43. Bxf4+ Kb7 44. Bd2 Ka7 45. Bxa5 Ka8 46. b6 1-0

[Event "First Saturday 2010 februar FM-C"]
[Site "Budapest"]
[Date "2010.02.08"]
[Round "1.3"]
[White "Kelemen, Lajos dr"]
[Black "Toth, Antal"]
[Result "1-0"]
[WhiteElo "1454"]
[BlackElo "1682"]
[PlyCount "59"]
[EventDate "2010.02.06"]

1. d4 d5 2. e4 dxe4 3. Nc3 e6 4. d5 exd5 5. Qxd5 Qxd5 6. Nxd5 Bd6 7. Bd2 Ne7 8.
Nc3 Bf5 9. Nge2 Bg6 10. O-O-O a6 11. Bf4 Bxf4+ 12. Nxf4 f5 13. Ne6 Kf7 14. Nxc7
Ra7 15. Bc4+ Kf6 16. Rd6+ Kg5 17. Ne6+ Kh6 18. h4 Nc8 19. Rdd1 b5 20. Be2 Bf7
21. Ng5 Kg6 22. g4 h6 23. gxf5+ Kf6 24. Ncxe4+ Kxf5 25. Ng3+ Kf6 26. N5e4+ Ke5
27. f4+ Kxf4 28. Rhf1+ Ke5 29. Rf5+ Ke6 30. Nc5+ 1-0

[Event "First Saturday 2010 februar FM-C"]
[Site "Budapest"]
[Date "2010.02.09"]
[Round "1.4"]
[White "Mihajlova, Diana"]
[Black "Toth, Antal"]
[Result "0-1"]
[WhiteElo "1453"]
[BlackElo "1682"]
[PlyCount "96"]
[EventDate "2010.02.06"]

1. Nf3 c5 2. c4 Nc6 3. Nc3 Nf6 4. d4 cxd4 5. Nxd4 a6 6. e4 d6 7. Be2 e6 8. Be3
Be7 9. O-O O-O 10. f4 Qc7 11. Rc1 Bd7 12. Bf3 Rac8 13. Na4 Nxd4 14. Bxd4 Bxa4
15. Qxa4 Nd7 16. Qc2 Bf6 17. Bf2 e5 18. Bg3 exf4 19. Bxf4 Ne5 20. Bh5 Qb6+ 21.
Kh1 Rxc4 22. Qd2 Rxe4 23. Bxe5 Rxe5 24. Bf3 Rc5 25. Rb1 Be5 26. Bd5 Qc7 27. Rf2
Qa5 28. b4 Rxd5 29. bxa5 Rxd2 30. Rxd2 Rb8 31. Rd3 g6 32. Rc1 b5 33. g3 b4 34.
Rc7 Rb5 35. Rf3 f6 36. g4 h6 37. Rh3 Bf4 38. Rhc3 bxc3 39. Rxc3 Rxa5 40. a3 Kf7
41. Kg2 Ke6 42. h4 f5 43. Kf3 Bd2 44. Rd3 fxg4+ 45. Kxg4 Bc1 46. Rd4 Rxa3 47.
Re4+ Kd5 48. Re8 h5# 0-1

[Event "First Saturday 2010 februar FM-C"]
[Site "Budapest"]
[Date "2010.02.09"]
[Round "1.4"]
[White "Engelbrecht, Imre"]
[Black "Kelemen, Lajos dr"]
[Result "1-0"]
[WhiteElo "1621"]
[BlackElo "1454"]
[PlyCount "47"]
[EventDate "2010.02.06"]

1. e4 c5 2. Nf3 Nc6 3. d4 cxd4 4. Nxd4 e5 5. Nxc6 bxc6 6. Bc4 Nf6 7. Nc3 Bb7 8.
O-O Nxe4 9. Bxf7+ Kxf7 10. Nxe4 d5 11. Qh5+ Kg8 12. Bg5 Qb6 13. Be3 Qc7 14. Ng5
Bd6 15. f4 g6 16. Qg4 Bc8 17. Ne6 Bxe6 18. Qxe6+ Kg7 19. f5 Rhf8 20. f6+ Kh8
21. Bh6 Rae8 22. Bg7+ Qxg7 23. fxg7+ Kxg7 24. Qxd6 1-0

[Event "First Saturday 2010 februar FM-C"]
[Site "Budapest"]
[Date "2010.02.10"]
[Round "1.5"]
[White "Kozak, Adam"]
[Black "Mihajlova, Diana"]
[Result "0-1"]
[WhiteElo "1548"]
[BlackElo "1453"]
[PlyCount "70"]
[EventDate "2010.02.06"]

1. e4 d5 2. exd5 Nf6 3. d4 Bg4 4. Be2 Bxe2 5. Nxe2 Qxd5 6. O-O Nc6 7. Be3 O-O-O
8. Nd2 Ng4 9. c4 Qf5 10. d5 Nce5 11. Nd4 Nxe3 12. Qb3 Qd3 13. Qxd3 Nxd3 14.
fxe3 e5 15. dxe6 c5 16. N4b3 f6 17. Nc1 Nxb2 18. Ne4 Nxc4 19. Nb3 b6 20. Rad1
Re8 21. Rc1 Nxe3 22. Rf3 Nxg2 23. Kxg2 Rxe6 24. Nexc5 bxc5 25. Nxc5 Rc6 26. Nb3
Rxc1 27. Nxc1 Be7 28. Rc3+ Kd7 29. Rb3 Rc8 30. Rd3+ Ke8 31. Nb3 Rc2+ 32. Rd2
Rc6 33. Nd4 Rd6 34. Kf3 f5 35. Ke3 Bg5+ 0-1

[Event "First Saturday 2010 februar FM-C"]
[Site "Budapest"]
[Date "2010.02.10"]
[Round "1.5"]
[White "Toth, Antal"]
[Black "Engelbrecht, Imre"]
[Result "0-1"]
[WhiteElo "1682"]
[BlackElo "1621"]
[PlyCount "52"]
[EventDate "2010.02.06"]

1. e4 e5 2. Nf3 Nc6 3. Bb5 d6 4. c3 Bd7 5. d4 Nf6 6. Bg5 Be7 7. Nbd2 O-O 8. O-O
a6 9. Bxc6 bxc6 10. dxe5 Ng4 11. Bxe7 Qxe7 12. exd6 cxd6 13. h3 Nf6 14. Re1
Rab8 15. b3 Rb5 16. Nd4 Rc5 17. Qf3 Re5 18. Qd3 d5 19. Qxa6 Nxe4 20. N2f3 Qf6
21. Nxe5 Qxf2+ 22. Kh1 Bxh3 23. Re2 Bxg2+ 24. Kh2 Qg3+ 25. Kg1 Bf3+ 26. Kf1
Qh3+ 0-1

[Event "First Saturday 2010 februar FM-C"]
[Site "Budapest"]
[Date "2010.02.11"]
[Round "2.1"]
[White "Mihajlova, Diana"]
[Black "Engelbrecht, Imre"]
[Result "0-1"]
[WhiteElo "1453"]
[BlackElo "1621"]
[PlyCount "80"]
[EventDate "2010.02.06"]

1. Nf3 Nf6 2. c4 d6 3. Nc3 g6 4. d4 Bg7 5. e4 O-O 6. Bd3 Nbd7 7. e5 dxe5 8.
dxe5 Ng4 9. e6 fxe6 10. O-O Nde5 11. Nxe5 Nxe5 12. Bxg6 Nxg6 13. Qc2 Qe8 14.
Be3 b6 15. Nb5 Bb7 16. f3 Qc6 17. Rad1 Rad8 18. Nd4 Bxd4 19. Rxd4 Rxd4 20. Bxd4
Rf4 21. Qc3 e5 22. Bxe5 Qc5+ 23. Bd4 Qxd4+ 24. Qxd4 Rxd4 25. b3 Rd2 26. Re1 Kf7
27. Kf1 Rxa2 28. Rd1 Ke8 29. Rd4 c5 30. Rg4 Rb2 31. h4 Rxb3 32. h5 Nf8 33. Rg7
a5 34. g4 a4 35. g5 a3 36. Rxh7 Nxh7 37. g6 Nf6 38. h6 a2 39. Kg2 Bxf3+ 40. Kf2
Ne4+ 0-1

[Event "First Saturday 2010 februar FM-C"]
[Site "Budapest"]
[Date "2010.02.11"]
[Round "2.1"]
[White "Kelemen, Lajos dr"]
[Black "Kozak, Adam"]
[Result "1-0"]
[WhiteElo "1454"]
[BlackElo "1548"]
[PlyCount "136"]
[EventDate "2010.02.06"]

1. d4 c5 2. d5 d6 3. g3 Nf6 4. Bg2 Na6 5. a3 g6 6. e4 Bg7 7. Nc3 O-O 8. h3 Nc7
9. Nge2 a6 10. O-O b6 11. a4 Bb7 12. b3 Re8 13. Rb1 a5 14. Qd3 Qd7 15. Re1 Rad8
16. Nf4 e5 17. dxe6 Nxe6 18. Nxe6 Qxe6 19. Bg5 h6 20. Bxf6 Bxf6 21. Nb5 Qd7 22.
Rbd1 Re6 23. Nc3 Ba6 24. Qe3 Bd4 25. Rxd4 cxd4 26. Qxd4 Qc7 27. Qd2 Rc8 28. Re3
Re5 29. Rf3 Kg7 30. Qf4 Rf8 31. h4 f6 32. g4 g5 33. hxg5 hxg5 34. Qd2 Rc5 35.
Qd4 Qe7 36. Rf5 Rfc8 37. Nd5 Rxd5 38. Rxd5 Rxc2 39. Rxg5+ Kf8 40. Rh5 Ke8 41.
Qxb6 Bd3 42. Qb8+ Kd7 43. Qa7+ Rc7 44. Qxa5 Bxe4 45. Bxe4 Qxe4 46. Qf5+ Qxf5
47. Rxf5 Ke6 48. Rf3 d5 49. Re3+ Kf7 50. f4 Rb7 51. Kf2 Rb4 52. Kf3 d4 53. Rd3
Ke6 54. Ke4 Kf7 55. Kd5 Kg6 56. Kc5 Rb8 57. Kxd4 f5 58. gxf5+ Kxf5 59. Rc3 Kxf4
60. Kc4 Ke5 61. b4 Kd6 62. a5 Kc7 63. Kc5 Ra8 64. Kb5+ Kb7 65. Rc6 Rb8 66. Rc5
Ka7+ 67. Ka4 Ka6 68. Rc6+ Ka7 1-0

[Event "First Saturday 2010 februar FM-C"]
[Site "Budapest"]
[Date "2010.02.12"]
[Round "2.2"]
[White "Kelemen, Lajos dr"]
[Black "Mihajlova, Diana"]
[Result "1/2-1/2"]
[WhiteElo "1454"]
[BlackElo "1453"]
[PlyCount "108"]
[EventDate "2010.02.06"]

1. d4 Nf6 2. Bg5 e6 3. e4 h6 4. Be3 Nxe4 5. Nf3 c6 6. Qd3 d5 7. Be2 Bb4+ 8. c3
Bd6 9. O-O Qc7 10. Nbd2 Ng5 11. Rfe1 Nxf3+ 12. Nxf3 g5 13. g3 Nd7 14. b3 Nf6
15. Nd2 Bd7 16. c4 Bb4 17. cxd5 Nxd5 18. a3 Be7 19. Bh5 Bf6 20. Ne4 Bg7 21. Bd2
Rf8 22. Nc5 O-O-O 23. b4 Kb8 24. Rec1 f5 25. b5 Qd6 26. Nxd7+ Rxd7 27. bxc6 Rc7
28. Bf3 Rxc6 29. Rcb1 Rb6 30. Bb4 Nxb4 31. axb4 Qxd4 32. Qa3 Ra6 33. Qc1 Rxa1
34. Kg2 Rxb1 35. Qxb1 Qb2 36. Qe1 g4 37. Bxb7 Kxb7 38. Qxe6 Rc8 39. Qd5+ Kc7
40. Qc5+ Kd7 41. Qxf5+ Kd8 42. Qd5+ Kc7 43. Qc5+ Kd7 44. Qd5+ Ke7 45. Qe4+ Qe5
46. Qxg4 Qd5+ 47. f3 Rc2+ 48. Kh3 Qe6 49. Qxe6+ Kxe6 50. f4 Bd4 51. b5 Kf5 52.
b6 Bxb6 53. g4+ Kxf4 54. g5 hxg5 1/2-1/2

[Event "First Saturday 2010 februar FM-C"]
[Site "Budapest"]
[Date "2010.02.12"]
[Round "2.2"]
[White "Kozak, Adam"]
[Black "Toth, Antal"]
[Result "0-1"]
[WhiteElo "1548"]
[BlackElo "1682"]
[PlyCount "120"]
[EventDate "2010.02.06"]

1. e4 c5 2. Nf3 d6 3. d4 cxd4 4. Nxd4 Nf6 5. Nc3 a6 6. Be3 Bd7 7. Be2 Nc6 8.
O-O e6 9. f4 Be7 10. Nxc6 Bxc6 11. e5 Ne4 12. Bf3 Nxc3 13. Bxc6+ bxc6 14. bxc3
d5 15. Qe2 O-O 16. Rad1 Qa5 17. c4 Qxa2 18. cxd5 cxd5 19. Ra1 Qc4 20. Qxc4 dxc4
21. Ra4 Rfc8 22. Rd1 g6 23. Rd7 Bc5 24. Bxc5 Rxc5 25. Rd6 a5 26. Kf2 Kf8 27.
Ke3 Ke7 28. Kd4 Rac8 29. Kc3 f6 30. Ra6 fxe5 31. fxe5 Rxe5 32. Rxc4 Rxc4+ 33.
Kxc4 h5 34. Kd3 Rd5+ 35. Ke2 Kf6 36. c4 Rc5 37. Kd3 Ke5 38. g3 g5 39. Ke3 Rxc4
40. Rxa5+ Kf6 41. Ra2 h4 42. Rf2+ Ke5 43. Kf3 g4+ 44. Ke3 hxg3 45. hxg3 Rc3+
46. Kd2 Rxg3 47. Re2+ Kf5 48. Rf2+ Ke5 49. Re2+ Kd5 50. Re3 Rxe3 51. Kxe3 Ke5
52. Ke2 Ke4 53. Kf2 Kf4 54. Kg2 e5 55. Kf2 e4 56. Kg2 e3 57. Kf1 Kf3 58. Ke1 e2
59. Kd2 Kf2 60. Kd3 e1=Q 0-1

[Event "First Saturday 2010 februar FM-C"]
[Site "Budapest"]
[Date "2010.02.13"]
[Round "2.3"]
[White "Engelbrecht, Imre"]
[Black "Kozak, Adam"]
[Result "1-0"]
[WhiteElo "1621"]
[BlackElo "1548"]
[PlyCount "51"]
[EventDate "2010.02.06"]

1. e4 c5 2. Bc4 Nc6 3. Nf3 d6 4. d4 cxd4 5. Nxd4 Nf6 6. Nc3 e6 7. Bg5 Be7 8.
O-O O-O 9. Re1 Bd7 10. Ndb5 Ne5 11. Bb3 Bxb5 12. Nxb5 Qb6 13. Bxf6 gxf6 14. Nc3
Kh8 15. Re3 Rg8 16. Ne2 Ng4 17. Rf3 Ne5 18. Rg3 Rxg3 19. hxg3 a5 20. c3 a4 21.
Bxa4 Qxb2 22. Bb3 Nd7 23. Rb1 Qa3 24. Nd4 Kg8 25. Nxe6 Nc5 26. Qg4+ 1-0

[Event "First Saturday 2010 februar FM-C"]
[Site "Budapest"]
[Date "2010.02.13"]
[Round "2.3"]
[White "Toth, Antal"]
[Black "Kelemen, Lajos dr"]
[Result "1-0"]
[WhiteElo "1682"]
[BlackElo "1454"]
[PlyCount "35"]
[EventDate "2010.02.06"]

1. e4 c5 2. Nf3 Nc6 3. d4 cxd4 4. Nxd4 Nf6 5. Nc3 e5 6. Ndb5 d6 7. Bg5 a6 8.
Bxf6 gxf6 9. Na3 b5 10. Nd5 Bg7 11. c3 Ne7 12. Nc2 Bb7 13. Nce3 Rc8 14. Nxe7
Qxe7 15. Nf5 Qc7 16. Nxg7+ Ke7 17. Nf5+ Kf8 18. Qxd6+ 1-0

[Event "First Saturday 2010 februar FM-C"]
[Site "Budapest"]
[Date "2010.02.14"]
[Round "2.4"]
[White "Toth, Antal"]
[Black "Mihajlova, Diana"]
[Result "0-1"]
[WhiteElo "1682"]
[BlackElo "1453"]
[PlyCount "72"]
[EventDate "2010.02.06"]

1. e4 d5 2. exd5 Nf6 3. Bb5+ Nbd7 4. d4 a6 5. Bc4 Nb6 6. Bb3 Nbxd5 7. c4 Nb6 8.
Nc3 Bg4 9. Nf3 e6 10. Be3 Bb4 11. O-O O-O 12. h3 Bh5 13. g4 Nxg4 14. hxg4 Bxg4
15. Ne4 h6 16. Ned2 Qf6 17. Kg2 Rad8 18. Ne4 Qg6 19. Ng3 f5 20. Bf4 Rf7 21. Qd3
Bxf3+ 22. Qxf3 Rxd4 23. Rfd1 Re4 24. Kf1 Bc5 25. Rd8+ Kh7 26. Bc2 Rxc4 27. Bb3
Rd4 28. Rd1 Rxd1+ 29. Rxd1 c6 30. Re1 Nd5 31. Bxd5 cxd5 32. Be5 f4 33. Nh5 Rf5
34. Nxf4 Qf7 35. Qg4 g5 36. Nd3 Rxf2+ 0-1

[Event "First Saturday 2010 februar FM-C"]
[Site "Budapest"]
[Date "2010.02.14"]
[Round "2.4"]
[White "Kelemen, Lajos dr"]
[Black "Engelbrecht, Imre"]
[Result "1/2-1/2"]
[WhiteElo "1454"]
[BlackElo "1621"]
[PlyCount "52"]
[EventDate "2010.02.06"]

1. d4 d5 2. e4 dxe4 3. Nc3 Bf5 4. f3 Nf6 5. g4 Bg6 6. Be3 Nd5 7. Qd2 e6 8. Nxd5
exd5 9. O-O-O a6 10. f4 h6 11. f5 Bh7 12. Bf4 Bd6 13. h4 Bxf4 14. Qxf4 Nd7 15.
Ne2 c6 16. Ng3 Qa5 17. Kb1 O-O-O 18. Bh3 Qc7 19. Qe3 Kb8 20. Rhg1 Nb6 21. Bf1
f6 22. Nh5 Bg8 23. Nf4 Bf7 24. Rc1 g5 25. fxg6 Bg8 26. h5 Nc8 1/2-1/2

[Event "First Saturday 2010 februar FM-C"]
[Site "Budapest"]
[Date "2010.02.15"]
[Round "2.5"]
[White "Mihajlova, Diana"]
[Black "Kozak, Adam"]
[Result "0-1"]
[WhiteElo "1453"]
[BlackElo "1548"]
[PlyCount "64"]
[EventDate "2010.02.06"]

1. Nf3 Nf6 2. c4 c5 3. Nc3 Nc6 4. d4 cxd4 5. Nxd4 e6 6. a3 Be7 7. e4 O-O 8. Be2
Qb6 9. Nf3 Ng4 10. O-O Bc5 11. Na4 Nxf2 12. Nxb6 Nxd1+ 13. Kh1 axb6 14. Rxd1 d6
15. Bg5 e5 16. Nd2 Nd4 17. Bd3 Bg4 18. Re1 Ne6 19. Bh4 Nf4 20. Bc2 Ra7 21. Nb3
Rc8 22. Nxc5 Rxc5 23. Bb3 Nd3 24. Re3 Nxb2 25. Bd8 Nxc4 26. Rg3 Be6 27. Bxc4
Rxc4 28. Bxb6 Ra6 29. Bd8 Kf8 30. Rb3 Rc8 31. Be7+ Kxe7 32. Rxb7+ Kf8 0-1

[Event "First Saturday 2010 februar FM-C"]
[Site "Budapest"]
[Date "2010.02.15"]
[Round "2.5"]
[White "Engelbrecht, Imre"]
[Black "Toth, Antal"]
[Result "0-1"]
[WhiteElo "1621"]
[BlackElo "1682"]
[PlyCount "104"]
[EventDate "2010.02.06"]

1. e4 c5 2. Bc4 d6 3. Ne2 Nf6 4. Nbc3 a6 5. a4 e6 6. O-O Nc6 7. Re1 Be7 8. d4
cxd4 9. Nxd4 Bd7 10. Be3 O-O 11. f4 Qc7 12. Bd3 Nxd4 13. Bxd4 e5 14. fxe5 dxe5
15. Nd5 Nxd5 16. exd5 Bf6 17. Qh5 g6 18. Qf3 Bg7 19. Bc3 f5 20. Qe2 Rfe8 21.
Kh1 Rac8 22. Rad1 Bxa4 23. d6 Qc5 24. Bxa6 bxa6 25. d7 Bxd7 26. Rxd7 Qb5 27.
Qxb5 axb5 28. Rd5 b4 29. Bxb4 Rxc2 30. Bc3 e4 31. Bxg7 Kxg7 32. b4 Rb2 33. b5
Rb8 34. g4 R2xb5 35. Rd7+ Kg8 36. gxf5 gxf5 37. Rg1+ Kh8 38. Rgg7 Rb1+ 39. Kg2
Rg8 40. Rxg8+ Kxg8 41. Re7 Rb8 42. Kg3 Rf8 43. Kf4 h6 44. h3 Rf7 45. Re5 Kg7
46. h4 Kg6 47. Re8 Kh5 48. Re6 Rf8 49. Rd6 Re8 50. Rf6 e3 51. Rxf5+ Kxh4 52.
Rf6 Kh5 0-1